01417 a2200181 45000010006000000050017000060080041000230030015000640400040000790800075001192450033001940200018002272640035002453000019002805050797002991000025010968560114011212540920260407155538.0260407a1973 arg spa dAR-UNSa-BCEJYS aAR-UNSa-BCEJYSbspacAR-UNSa-BCEJYS a342.1xEstado. Pueblo. Nación. Poder del estado (Derecho político)10aManual de derecho político a950-13-3000-1 1aBuenos Aires :bKapeluszc1973 a474 p.c22 cm. a1. La realidad política - 2. El conocimiento político - 3. Los factores geográficos - 4. Los factores sociopsicológicos - 5. Los factores económicos - 6. Los factores historicoculturales - 7. El poder politico - 8. Las fuerzas políticas - 9. La dinámica política - 10. El estado, institución-cuerpo - 11. La constitución, institución-norma; las instituciones-órgano del estado - 12. Centralización y descentralización - 13. Continuidad y discontinuidad constitucional - 14. Formas de gobierno y regímenes políticos - 15. Relaciones entre Estado y derecho. Estado de derecho - 16. El constitucionalismo. Historia y caracteres - 17. Constitucionalismo y democracia. "Democracia constitucional" - 18. "Democracia constitucional" Representación y participación1 aLópez, Mario Justo41uhttps://biblioeco.unsa.edu.ar/pmb/images/libros/Manual de derecho pol?tico.jpgyImagen de portadaqimage/jpeg